Harry Potter: Little Hangleton - Statistiques

Statistiques générales
  • Ce quiz a été pris 30 fois
  • Le résultat moyen est 6 sur 7
Statistiques - réponses
Information Réponses % Correct
Emplacement Grande-Bretagne
100%
Pays Royaume-Uni
100%
Première apparition Harry Potter et la Coupe de Feu
92%
Dernière apparition Harry Potter et les Reliques de la Mort
92%
Résidents Famille Jedusor
84%
Résidents Famille Gaunt
72%
Résident Frank Bryce
60%
Aucun quiz correspondant
Distribution des résultats
% des personnes avec chaque résultat
Percentile par nombre de réponses
Votre historique - résultats
Vous n’avez pas pris ce quiz